វិញ្ញាសា គីមីវិទ្យា​ មេរៀនសង្ខេប និងរូបមន្ត ថ្នាក់ទី១២ : (Record no. 6694)

MARC details
000 -LEADER
fixed length control field 01728nam a22002297a 4500
001 - CONTROL NUMBER
control field 6694
003 - CONTROL NUMBER IDENTIFIER
control field FISKH
005 - DATE AND TIME OF LATEST TRANSACTION
control field 20250521110157.0
008 - FIXED-LENGTH DATA ELEMENTS--GENERAL INFORMATION
fixed length control field 250521b cb ||||| |||| 00| 0 eng d
040 ## - CATALOGING SOURCE
Original cataloging agency FISKH
Language of cataloging khr
Transcribing agency FISKH
Modifying agency FISKH
082 ## - DEWEY DECIMAL CLASSIFICATION NUMBER
Classification number 540
100 ## - MAIN ENTRY--PERSONAL NAME
Personal name Sok Eng, Cheng
245 ## - TITLE STATEMENT
Title វិញ្ញាសា គីមីវិទ្យា​ មេរៀនសង្ខេប និងរូបមន្ត ថ្នាក់ទី១២ :
Remainder of title សម្រាប់ត្រៀមប្រឡងឆមាសទី I & II​ សញ្ញាប័ត្រមធ្យមសិក្សាទុតិយភូមិ /
Statement of responsibility, etc. ចេង សុខអេង
260 ## - PUBLICATION, DISTRIBUTION, ETC.
Place of publication, distribution, etc. ភ្នំពេញ :
Name of publisher, distributor, etc. បាក់ទូក ថតចំលង ,
Date of publication, distribution, etc. ២០១៤ .
300 ## - PHYSICAL DESCRIPTION
Extent 147 pages :
Other physical details illustrations ;
Dimensions 21 cm .
520 ## - SUMMARY, ETC.
Summary, etc. សៀវភៅ "វិញ្ញាសាគីមីវិទ្យា មេរៀនសង្ខេបនិងរូបមន្ត ថ្នាក់ទី ១២" ដែលសរសេរដោយលោក ចេង សុខអេង គឺជាឯកសារសិក្សាដែលផ្តល់នូវមេរៀនសង្ខេប និងរូបមន្តសំខាន់ៗសម្រាប់សិស្សថ្នាក់ទី ១២ ក្នុងវិស័យគីមីវិទ្យា។<br/>
520 ## - SUMMARY, ETC.
Summary, etc. The book "Chemistry Exam Guide: Lesson Summaries and Key Formulas for Grade 12" by Cheng Sok Eng is a study resource that provides concise lesson summaries and essential formulas for Grade 12 students in the field of chemistry.<br/><br/>
650 ## - SUBJECT ADDED ENTRY--TOPICAL TERM
Topical term or geographic name entry element គីមីវិទ្យា​
650 ## - SUBJECT ADDED ENTRY--TOPICAL TERM
Topical term or geographic name entry element Chemistry
942 ## - ADDED ENTRY ELEMENTS (KOHA)
Source of classification or shelving scheme Dewey Decimal Classification
Koha item type Khmer Books
Suppress in OPAC No
Holdings
Withdrawn status Lost status Source of classification or shelving scheme Damaged status Not for loan Collection Home library Current library Shelving location Date acquired Total Checkouts Full call number Barcode Date last seen Price effective from Koha item type
    Dewey Decimal Classification     Khmer Language Books / សៀវភៅភាសាខ្មែរ Footprints International School Library Network Toul Tom Poung Campus Footprints International School Library Network Toul Tom Poung Campus TTP Secondary Khmer Bookshelves 05/21/2025   ENG 540 2025-1348 05/21/2025 05/21/2025 Khmer Books